000 00556nam a2200193Ia 4500
003 GCL
008 140319s9999 xx 000 0 ara d
040 _aGCL /
_cGCL
082 0 4 _a813.009
_bا ا
100 1 _aالسعيد الورقى
245 1 0 _aالقصة والفنون الجميلة /
_cالسعيد الورقى
260 _a[S.N] :
_bدار المعرفة الجامعية ،
_c1991
300 _a157 ص
490 _a
650 0 4 _aالقصص العربية
650 0 4 _aالقصص
650 0 4 _aتاريخ ونقد
942 _2ddc
_cBK
999 _c52860
_d52860